| 000 | 00463nam a22001697 4500 | ||
|---|---|---|---|
| 001 | 000014137 | ||
| 005 | 20200929163505.0 | ||
| 008 | 910117s1942 bl 000 0 por | ||
| 010 | _altf91000466 | ||
| 040 |
_aDO-SdBNP _cDLC _dDLC |
||
| 050 | 0 | 0 | _a4F 282 |
| 100 | 1 |
_aCavalcanti, Avelino Pessoa. [from old catalog] _931973 |
|
| 245 | 0 | 0 | _aPaginas de americanismo. |
| 260 |
_aRio de Janeiro, _c1942. |
||
| 300 | _a229 p. | ||
| 910 | _aCatalogación por copia / LC | ||
| 999 |
_c13739 _d13739 |
||